000 00334nam a2200145Ia 4500
008 230917s9999||||xx |||||||||||||| ||und||
040 _e54621
_aMAIN
041 _aEnglish
082 _a350.1 K156K
100 _aKataria, Surendra
245 0 _aKarmik prashasan
260 _aJaipur
_bRBSA
_c2000
300 _a380 p.
942 _cBK
999 _c111957
_d111957